| 000 | 00718nam a22002177a 4500 | ||
|---|---|---|---|
| 005 | 20250602164018.0 | ||
| 010 | _aENG-145151 | ||
| 020 |
_a9789392568831 _c400.00 |
||
| 035 | _aEN-128683 | ||
| 037 | _bDBAD | ||
| 082 |
_a346.048 _21 |
||
| 100 |
_aSharma, Divya _981554 |
||
| 245 |
_aNational COnference on Intellectual Property Rights/ _cDivya Sharma [and] Shraddha Verma |
||
| 250 | _a1 | ||
| 260 |
_aChhattisgrah _bAditi Publication _c2023 |
||
| 270 |
_a Opp. New Panchajanya Vidya Mandir, Near Tiranga Chowk, Kushalpur,Raipur _bChhattisgrah _k+91 9425210308 |
||
| 300 |
_a109p. _c20cm(pb) |
||
| 700 |
_aVerma, Shraddha _eAuthor _981555 |
||
| 760 | _b1 | ||
| 942 |
_2ddc _cEN _h346.048 _mSHA _e1 |
||
| 999 |
_c211513 _d211513 |
||